| 000 | 00462 a2200133 4500 | ||
|---|---|---|---|
| 001 | 87690 | ||
| 082 | _aPR 67 | ||
| 090 |
_c41149 _d41149 |
||
| 100 | _aSohaib Fakhar, Plt Off 15637 , 71(B) EC | ||
| 245 | _aFeasibility study for the replacement of digital portion of MPDR receiver with an FPGA | ||
| 260 |
_aRisalpur _bCAE, PAF Academy Risalpur _c2011 |
||
| 300 |
_aix, 59p. _eAli Javed Hashmi, Sqn Ldr; Jahangir Khan Kayani, Gp Capt |
||
| 500 | _aBE Project Reports | ||
| 942 |
_aCAE NUST _kPR 67 |
||
| 999 |
_c322763 _d322763 |
||